La comparación en las ciencias sociales (Registro nro. 325913)

Detalles MARC
000 -CABECERA
campo de control de longitud fija 02602aam a2200469 i 4500
001 - NÚMERO DE CONTROL
campo de control 889752
003 - IDENTIFICADOR DEL NÚMERO DE CONTROL
campo de control CO-MdUADB
005 - FECHA Y HORA DE LA ÚLTIMA TRANSACCIÓN
campo de control 20240702092005.0
007 - CAMPO FIJO DE DESCRIPCIÓN FÍSICA--INFORMACIÓN GENERAL
campo de control de longitud fija ta
008 - DATOS DE LONGITUD FIJA--INFORMACIÓN GENERAL
campo de control de longitud fija 040910t19991991sp d|||gr|||| 1 |dspa d
020 ## - NÚMERO INTERNACIONAL ESTÁNDAR DEL LIBRO
Número Internacional Estándar del Libro 8420629472
Información calificativa ISBN-10
020 ## - NÚMERO INTERNACIONAL ESTÁNDAR DEL LIBRO
Número Internacional Estándar del Libro 9788420629476
Información calificativa ISBN-13
035 ## - NÚMERO DE CONTROL DEL SISTEMA
Número de control de sistema 889752
040 ## - FUENTE DE LA CATALOGACIÓN
Centro catalogador/agencia de origen CO-MdUADB
Lengua de catalogación spa
Centro/agencia transcriptor CO-MdUADB
Normas de descripción rda
041 1# - CÓDIGO DE LENGUA
Código de lengua del texto/banda sonora o título independiente spa
Código de lengua original ita
082 74 - NÚMERO DE LA CLASIFICACIÓN DECIMAL DEWEY
Número de clasificación 300
100 1# - ENTRADA PRINCIPAL--NOMBRE DE PERSONA
Nombre de persona Sartori, Giovanni,
Fechas asociadas al nombre 1924-2017
Término indicativo de función/relación Compilador
-- Escritor/a de prefacio
9 (RLIN) 316902
245 13 - TÍTULO PROPIAMENTE DICHO
Título propiamente dicho La comparación en las ciencias sociales
246 11 - FORMA VARIANTE DE TÍTULO
Título Comparazione nelle scienze sociali
250 ## - MENCIÓN DE EDICIÓN
Mención de edición Primera edición
264 #1 - PRODUCCIÓN, PUBLICACIÓN, DISTRIBUCIÓN, FABRICACIÓN Y COPYRIGHT
Producción, publicación, distribución, fabricación y copyright Madrid :
Nombre del de productor, editor, distribuidor, fabricante Alianza Editorial,
Fecha de producción, publicación, distribución, fabricación o copyright 1999
264 #4 - PRODUCCIÓN, PUBLICACIÓN, DISTRIBUCIÓN, FABRICACIÓN Y COPYRIGHT
Fecha de producción, publicación, distribución, fabricación o copyright 1991
300 ## - DESCRIPCIÓN FÍSICA
Extensión 177 páginas :
Otras características físicas gráficas (blanco y negro)
336 ## - TIPO DE CONTENIDO
Fuente rdacontent
Término de tipo de contenido texto
Código de tipo de contenido txt
337 ## - TIPO DE MEDIO
Nombre/término del tipo de medio no mediado
338 ## - TIPO DE SOPORTE
Nombre/término del tipo de soporte volumen
490 1# - ÁREA DE SERIE
Mención de serie Ciencias Sociales : Ensayo ;
Designación de volumen o secuencia 153
490 1# - ÁREA DE SERIE
Mención de serie El Libro Universitario
500 ## - NOTA GENERAL
Nota general Incluye índice.
505 20 - NOTA DE CONTENIDO CON FORMATO
Título Problemas y opciones en la comparación /
Mención de responsabilidad Leonardo Morlino. --
Título Comparación y método comparativo /
Mención de responsabilidad Giovanni Sartori. --
Título El método comparativo: dos décadas de cambios /
Mención de responsabilidad David Collier. --
Título Comparación y explicación /
Mención de responsabilidad Angelo Panebianco. --
Título Tiempo e investigación comparativa /
Mención de responsabilidad Stefano Bartolini. --
Título La comparación y el estado de bienestar: ¿un caso de éxito? /
Mención de responsabilidad Maurizio Ferrera.
520 3# - SUMARIO, ETC.
Nota de Sumario, etc. Reseña : ¿Cuáles son los tipos de comparación más fértiles? ¿Cuáles son los pasos y opciones de quien recurre a la comparación para comprender mejor la propia realidad social y política? ¿Qué problemas surgen en el análisis comparativo de la historia? ¿En qué sectores ha dado la comparación mejores resultados? ¿Qué significa <explicar> cuando se compara? A estas y otras preguntas responden los autores del presente volumen -G. Sartori y L. Morlino (eds.), D. Collier, A. Panebianco, S. Bartolini y M. Ferrara, dirigiéndose a los estudiantes y analistas de todas las disciplinas sociales. (Tomado de la cubierta trasera del libro).
650 #7 - PUNTO DE ACCESO ADICIONAL DE MATERIA--TÉRMINO DE MATERIA
Término de materia o nombre geográfico como elemento de entrada Ciencias sociales
Fuente del encabezamiento o término embne
9 (RLIN) 2064
650 #7 - PUNTO DE ACCESO ADICIONAL DE MATERIA--TÉRMINO DE MATERIA
Término de materia o nombre geográfico como elemento de entrada Investigación social
9 (RLIN) 2355
Fuente del encabezamiento o término lemb
650 #7 - PUNTO DE ACCESO ADICIONAL DE MATERIA--TÉRMINO DE MATERIA
Término de materia o nombre geográfico como elemento de entrada Metodología científica
9 (RLIN) 41814
Fuente del encabezamiento o término lemb
700 1# - ENTRADA AGREGADA--NOMBRE PERSONAL
Nombre de persona Morlino, Leonardo,
Fechas asociadas al nombre 1947-
Número de control del registro de autoridad o número normalizado (isni)0000 0001 1577 5149
-- (viaf)90149341
Término indicativo de función/relación Compilador
-- Escritor/a de prefacio
-- Escritor/a de Introducción
9 (RLIN) 398252
700 1# - ENTRADA AGREGADA--NOMBRE PERSONAL
Nombre de persona Russo, Juan
Término indicativo de función/relación Traductor/a
9 (RLIN) 302439
700 1# - ENTRADA AGREGADA--NOMBRE PERSONAL
Nombre de persona Ruiz de Azúa, Miguel Angel
Término indicativo de función/relación Traductor/a
9 (RLIN) 519096
700 10 - ENTRADA AGREGADA--NOMBRE PERSONAL
Término indicativo de función/relación Compilador
-- Compilador
-- Compilador
830 #0 - PUNTO DE ACCESO ADICIONAL DE SERIE-TÍTULO UNIFORME
Título uniforme Ciencias Sociales : Ensayo (Alianza Editorial)
9 (RLIN) 865099
Designación de volumen o secuencia 153
830 #3 - PUNTO DE ACCESO ADICIONAL DE SERIE-TÍTULO UNIFORME
Título uniforme El Libro Universitario (Alianza Editorial)
9 (RLIN) 865100
942 ## - ELEMENTOS DE ENTRADA AGREGADA (KOHA)
Tipo de ítem Koha Libros
Fuente del sistema de clasificación o colocación Clasificación Decimal Dewey
Existencias
Estado de retiro Estado de pérdida Estado dañado No para préstamo Código de colección Localización permanente Ubicación/localización actual Fecha de adquisición Fuente de adquisición Coste, precio normal de compra Número de inventario Total de préstamos Signatura topográfica completa Código de barras Fecha visto por última vez Número de copia Precio válido a partir de Tipo de ítem Koha Fuente del sistema de clasificación o colocación Forma de adquisición
  Extraviado Inventario     Colección General Piso 2 Biblioteca Carlos Gaviria Díaz, Campus Medellín Biblioteca Carlos Gaviria Díaz, Campus Medellín 22/10/2004 Alianza Distribuidora de Colombia 102.20 C844007   300 S251 0547754 25/04/2023 1 25/04/2023 Libros    
        Colección General Piso 2 Biblioteca Carlos Gaviria Díaz, Campus Medellín Biblioteca Carlos Gaviria Díaz, Campus Medellín 29/06/2023 Material adquirido por donación 19000.00     300 S251 e2 01106136 09/07/2024   25/01/2024 Libros Clasificación Decimal Dewey Donación